00506 a2200157 450000500170000001000150001702000300003203500140006203700130007608200160008910000150010524501070012026000300022727000690025730000220032620211227122807.0 aENG-130672 a978-93-90022-26-7c950.00 aEN-114204 bDBAD/PUB a320.8095483 aRajesh, K. aLocal Politics and Participatory Planning in Kerala:cK. RajeshbDemocratic Decentralization 1996-2016 aDelhibPrimus Booksc2019 aVirat Bhawan, Mukherjee Nagar, Commercial ComplexbDelhie110009 a167p.c24cm (hbk)